000 00750cab a2200241 4500
001 ABS38791
008 090401t1988 xxu||||| |||| 00| 0 eng d
035 _a(Sirsi) u12402
041 _aeng
100 _aWeatherhead, P.
245 _aBuxton in the swim
260 _c1988
350 _a0
490 _aBuilding
_v253(7534) 12 February 1988, 43-46(4)
520 _aReports on the restoration of Buxton `s Victorian thermal baths , which have been converted into a speciality shopping centre . Unfortunately the scheme has yet to prove to be commercially viable.
650 _aCONSERVATION
650 _aCONVERSION
650 _aDERBYSHIRE
650 _aSPA TOWNS
690 _aRefurbishment
_96264
942 _n0
948 _c04/03/1997
999 _c7927
_d7927